000 00327 a2200145 4500
001 181517
020 _a
040 _cMagnum
100 _aGesell, Arnold
240 1 0 _aA crianca dos 0 aos 5 anos
_lpor
245 1 0 _aA crianca dos 0 aos 5 anos
362 0 _a1899
697 _aMAGNITO: MAGNITO SEM ÁREA E AS
942 _cBK
999 _c181517
_d181517